Catálogo
 En Linea

MEM Método de enseñanza musical: (Registro nro. 58474)

Detalles MARC
000 -CABECERA
campo de control de longitud fija 01724nam a2200265 i 4500
003 - IDENTIFICADOR DEL NÚMERO DE CONTROL
campo de control DO-SdBNP
005 - FECHA Y HORA DE LA ÚLTIMA TRANSACCIÓN
campo de control 20250508092550.0
007 - CAMPO FIJO DE DESCRIPCIÓN FÍSICA--INFORMACIÓN GENERAL
campo de control de longitud fija ta
008 - DATOS DE LONGITUD FIJA--INFORMACIÓN GENERAL
campo de control de longitud fija 250508b2025 |||g|||| |||| 00| 0 spa d
020 ## - NÚMERO INTERNACIONAL ESTÁNDAR DEL LIBRO
Número Internacional Estándar del Libro 9789945292350
040 ## - FUENTE DE LA CATALOGACIÓN
Centro catalogador/agencia de origen DO-SdBNP
Lengua de catalogación spa
Centro/agencia transcriptor BNPHU
Normas de descripción rda
082 ## - NÚMERO DE LA CLASIFICACIÓN DECIMAL DEWEY
Número de clasificación xxx
Número de documento/Ítem C227
Número de edición 22
100 1# - ENTRADA PRINCIPAL--NOMBRE DE PERSONA
Nombre de persona Canoute, Dieuvy
Término indicativo de función/relación autor
Código de función/relación aut.
9 (RLIN) 87243
245 04 - MENCIÓN DE TÍTULO
Título MEM Método de enseñanza musical:
Resto del título teoría & práctica /
Mención de responsabilidad, etc. Dieuvy Canoute
264 #1 - PRODUCCIÓN, PUBLICACIÓN, DISTRIBUCIÓN, FABRICACIÓN Y COPYRIGHT
Producción, publicación, distribución, fabricación y copyright Santo Domingo :
Nombre del de productor, editor, distribuidor, fabricante [editor no identificado].
Fecha de producción, publicación, distribución, fabricación o copyright 2025.
300 ## - DESCRIPCIÓN FÍSICA
Extensión 333 páginas :
Otras características físicas música
Dimensiones 28 cm.
336 ## - TIPO DE CONTENIDO
Término de tipo de contenido texto
Código de tipo de contenido txt
Fuente rdacontent
337 ## - TIPO DE MEDIO
Nombre/término del tipo de medio sin mediación
Código del tipo de medio n
Fuente rdamedia
338 ## - TIPO DE SOPORTE
Nombre/término del tipo de soporte volumen
Código del tipo de soporte nc
Fuente rdacarrier
500 ## - NOTA GENERAL
Nota general Libro en espiral y pasta dura.
520 ## - SUMARIO, ETC.
Sumario, etc. Este método de enseñanza musical es "una exposición de conocimientos teóricos y habilidades prácticas, de manera clara y ordenada".<br/>Basada en: Comprensión, memorización, resolución de ejercicios y la evaluación del aprendizaje.<br/><br/>Contiene:<br/>1) Una introducción a la música; nociones de: escritura, escala, intervalo y acorde. Una evaluación del aprendizaje teórico y un plan de estudio general del método.<br/><br/>2) Práctica: Lectura musical, gráficos para escalas y acordes en guitarra, armonía de acordes (en partitura para piano y cifrado de acordes; con progresiones de acordes mas usadas); partituras para guitarra, piano [canciones (melodías con letras y acordes) y obras instrumentales];<br/>Partituras para batería, bajo (basada en las mismas progresiones de acordes de capítulo anterior para piano) y ejercicios vocales.<br/><br/>Destinado primeramente a mis estudiantes y el público general.
590 ## - NOTA LOCAL (RLIN)
Nota local Inventariado, 2025/ YL
910 ## - DATOS DE OPCIÓN DEL USUARIO (OCLC)
Datos de opción del usuario Ylockward
942 ## - ELEMENTOS DE PUNTO DE ACCESO ADICIONAL (KOHA)
Fuente del sistema de clasificación o colocación Dewey Decimal Classification
Tipo de ítem Koha Libro
Existencias
Estado de retiro Estado de pérdida Fuente del sistema de clasificación o colocación Restricciones de uso No para préstamo Código de colección Localización permanente Ubicación/localización actual Ubicación en estantería Fecha de adquisición Fuente de adquisición Total de préstamos Signatura topográfica completa Código de barras Fecha visto por última vez Precio válido a partir de Tipo de ítem Koha Número de copia
    Dewey Decimal Classification Excluido de préstamo   Patrimonio Dominicano Biblioteca Nacional Pedro Henríquez Ureña Biblioteca Nacional Pedro Henríquez Ureña En catalogación 24.02.2025 Depósito Legal   BNPHU PD xxx C227 2025-2000 19.03.2025 19.03.2025 Libro  
    Dewey Decimal Classification Excluido de préstamo   Patrimonio Dominicano Biblioteca Nacional Pedro Henríquez Ureña Biblioteca Nacional Pedro Henríquez Ureña En catalogación 24.02.2025 Depósito Legal   BNPHU PD xxx C227 2025-2001 19.03.2025 19.03.2025 Libro e.2
    Dewey Decimal Classification Préstamo en sala   Dominicana de Servicio Biblioteca Nacional Pedro Henríquez Ureña Biblioteca Nacional Pedro Henríquez Ureña En catalogación 24.02.2025 Depósito Legal   BNPHU DS xxx C227 2025-2002 19.03.2025 19.03.2025 Libro e.3

Con tecnología Koha